[Event "SVK Extraliga 2019-20"]
[Site "Slovakia"]
[Date "2020.01.18"]
[Round "5.5"]
[White "Plachetka, Jan"]
[Black "Mrva, Martin"]
[Result "1/2-1/2"]
[WhiteElo "2301"]
[BlackElo "2395"]
[Annotator "ChessBase"]
[PlyCount "103"]
[EventDate "2019.10.19"]
[EventType "team-tourn"]
[EventCountry "SVK"]
[SourceTitle "playchess.com"]
[Source "ChessBase"]
[SourceQuality "1"]
[WhiteTeam "Liptovska"]
[BlackTeam "Snina"]
[TimeControl "40/5400+30:1800+30"]

1. d4 {[%emt 0:02:01]} Nf6 {[%emt 0:00:00]} 2. Nf3 {[%emt 0:00:11]} g6 {[%emt 0:00:00]} 3. Bg5 {[%emt 0:00:14]} Bg7 {[%emt 0:00:00]} 4. Nbd2 {[%emt 0:00:11]} h6 {[%emt 0:00:17]} 5. Bh4 {[%emt 0:00:10]} d6 {[%emt 0:00:20]} 6. e3 {[%emt 0:01:47]} g5 {[%emt 0:00:29]} 7. Bg3 {[%emt 0:00:05]} Nh5 {[%emt 0:00:07]} 8. Bd3 {[%emt 0:01:00]} Nc6 {[%emt 0:06:14]} 9. c3 {[%emt 0:00:46]} Nxg3 {[%emt 0:04:33]} 10. hxg3 {[%emt 0:00:28]} e5 {[%emt 0:00:08]} 11. Qc2 {[%emt 0:01:49]} exd4 {[%emt 0:06:33]} 12. exd4 {[%emt 0:02:53]} Qe7+ {[%emt 0:06:14]} 13. Kf1 {[%emt 0:00:51]} Be6 {[%emt 0:00:22]} 14. Re1 {[%emt 0:01:20]} d5 {[%emt 0:00:11]} 15. Nb3 {[%emt 0:03:17]} O-O-O {[%emt 0:08:44]} 16. Nc5 {[%emt 0:01:50]} Rd6 {[%emt 0:00:10]} 17. Qb3 {[%emt 0:10:12]} Nd8 {[%emt 0:04:02]} 18. Bf5 {[%emt 0:05:55]} Qf6 {[%emt 0:19:58]} 19. Bxe6+ {[%emt 0:00:48]} fxe6 {[%emt 0:00:04]} 20. Ne5 {[%emt 0:00:57]} Rf8 {[%emt 0:02:26]} 21. f3 {[%emt 0:01:10]} Qf5 {[%emt 0:03:37]} 22. g4 {[%emt 0:02:02]} Qh7 {[%emt 0:00:10]} 23. Qa4 {[%emt 0:09:34]} a6 {[%emt 0:10:39]} 24. Kf2 {[%emt 0:04:57]} Bh8 {[%emt 0:03:19]} 25. Re2 {[%emt 0:01:07]} Rg8 {[%emt 0:09:00]} 26. Qd1 {[%emt 0:04:47]} Re8 {[%emt 0:01:31]} 27. Qd3 {[%emt 0:00:47]} Qxd3 {[%emt 0:01:06]} 28. Ncxd3 {[%emt 0:01:43]} Bg7 {[%emt 0:00:12]} 29. g3 {[%emt 0:00:54]} Rf8 {[%emt 0:03:05]} 30. Rhe1 {[%emt 0:03:17]} b6 {[%emt 0:00:53]} 31. Kg2 {[%emt 0:01:11]} Nb7 {[%emt 0:00:53]} 32. f4 {[%emt 0:01:26]} gxf4 {[%emt 0:01:47]} 33. gxf4 {[%emt 0:00:08]} c5 {[%emt 0:00:14]} 34. Ng6 {[%emt 0:02:52]} Re8 {[%emt 0:04:06]} 35. f5 {[%emt 0:09:02]} cxd4 {[%emt 0:00:09]} 36. cxd4 {[%emt 0:00:07]} Bxd4 {[%emt 0:00:08]} 37. Ndf4 {[%emt 0:03:34]} Nc5 {[%emt 0:01:12]} 38. b4 {[%emt 0:01:22]} Ne4 {[%emt 0:00:53]} 39. Nxe6 {[%emt 0:00:22]} Bf6 {[%emt 0:00:45]} 40. Rc1+ {[%emt 0:09:25]} Nc3 {[%emt 0:00:15]} 41. Ngf4 {[%emt 0:35:09]} Kd7 {[%emt 0:33:34]} 42. Rd2 {[%emt 0:05:37]} Rc8 {[%emt 0:01:47]} 43. Kf3 {[%emt 0:00:00]} Ne4 {[%emt 0:00:00]} 44. Rdc2 {[%emt 0:00:00]} Rxc2 {[%emt 0:00:00]} 45. Rxc2 {[%emt 0:00:00]} Rc6 {[%emt 0:00:00]} 46. Rxc6 {[%emt 0:00:00]} Kxc6 {[%emt 0:00:00]} 47. Ke3 {[%emt 0:00:00]} Kd6 {[%emt 0:00:00]} 48. Nxd5 {[%emt 0:00:00]} Kxd5 {[%emt 0:00:00]} 49. Nf4+ {[%emt 0:00:00]} Ke5 {[%emt 0:00:00]} 50. Nd3+ {[%emt 0:00:00]} Kd5 {[%emt 0:00:00]} 51. Nf4+ {[%emt 0:00:00]} Ke5 {[%emt 0:00:00]} 52. Nd3+ {[%emt 0:00:00]} 1/2-1/2

[Event "SVK Extraliga 2019-20"]
[Site "Slovakia"]
[Date "2020.01.18"]
[Round "5.5"]
[White "Jablonicky, Martin"]
[Black "Kantorik, Marian"]
[Result "1-0"]
[WhiteElo "2258"]
[BlackElo "2204"]
[Annotator "ChessBase"]
[PlyCount "85"]
[EventDate "2019.10.19"]
[EventType "team-tourn"]
[EventCountry "SVK"]
[SourceTitle "playchess.com"]
[Source "ChessBase"]
[SourceQuality "1"]
[WhiteTeam "Modra "]
[BlackTeam "Dunajov"]
[WhiteTeamCountry "SVK"]
[BlackTeamCountry "SVK"]
[TimeControl "40/5400+30:1800+30"]

1. e4 {[%emt 0:00:00]} Nf6 {[%emt 0:00:00]} 2. e5 {[%emt 0:00:00]} Nd5 {[%emt 0:00:00]} 3. d4 {[%emt 0:00:00]} d6 {[%emt 0:00:00]} 4. Nf3 {[%emt 0:00:02]} Bg4 {[%emt 0:00:09]} 5. h3 {[%emt 0:01:30]} Bh5 {[%emt 0:00:41]} 6. Be2 {[%emt 0:00:06]} e6 {[%emt 0:00:11]} 7. O-O {[%emt 0:00:40]} Be7 {[%emt 0:00:07]} 8. c4 {[%emt 0:01:22]} Nb6 {[%emt 0:00:05]} 9. exd6 {[%emt 0:05:01]} cxd6 {[%emt 0:00:17]} 10. a4 {[%emt 0:06:26]} Nc6 {[%emt 0:04:30]} 11. b3 {[%emt 0:03:40]} a5 {[%emt 0:09:25]} 12. Nc3 {[%emt 0:01:18]} O-O {[%emt 0:08:30]} 13. Bf4 {[%emt 0:08:45]} d5 {[%emt 0:10:45]} 14. Nb5 {[%emt 0:00:54]} Bxf3 {[%emt 0:03:25]} 15. Bxf3 {[%emt 0:00:20]} Qd7 {[%emt 0:03:44]} 16. Rc1 {[%emt 0:23:46]} Bf6 {[%emt 0:04:39]} 17. Nc7 {[%emt 0:12:06]} Rac8 {[%emt 0:03:51]} 18. cxd5 {[%emt 0:00:05]} Nxd4 {[%emt 0:07:27]} 19. dxe6 {[%emt 0:03:11]} Nxf3+ {[%emt 0:03:12]} 20. Qxf3 {[%emt 0:00:09]} fxe6 {[%emt 0:00:05]} 21. Rfd1 {[%emt 0:03:38]} Bd4 {[%emt 0:06:10]} 22. Qe4 {[%emt 0:07:21]} e5 {[%emt 0:00:50]} 23. Bxe5 {[%emt 0:01:02]} Bxf2+ {[%emt 0:01:13]} 24. Kh1 {[%emt 0:00:13]} Qf5 {[%emt 0:00:57]} 25. Qe2 {[%emt 0:04:43]} Rf7 {[%emt 0:05:53]} 26. Bh2 {[%emt 0:10:01]} h5 {[%emt 0:06:32]} 27. Nb5 {[%emt 0:03:38]} Rxc1 {[%emt 0:04:47]} 28. Rxc1 {[%emt 0:00:00]} Bc5 {[%emt 0:00:30]} 29. Bd6 {[%emt 0:02:21]} Bxd6 {[%emt 0:05:56]} 30. Nxd6 {[%emt 0:00:01]} Qf4 {[%emt 0:00:07]} 31. Rd1 {[%emt 0:01:58]} Rd7 {[%emt 0:04:45]} 32. Qe8+ {[%emt 0:00:43]} Qf8 {[%emt 0:00:24]} 33. Qe6+ {[%emt 0:00:31]} Kh7 {[%emt 0:01:08]} 34. Qe5 {[%emt 0:00:52]} g6 {[%emt 0:00:17]} 35. Rd4 {[%emt 0:00:12]} Re7 {[%emt 0:05:27]} 36. Rf4 {[%emt 0:00:16]} Qg7 {[%emt 0:01:26]} 37. Qxa5 {[%emt 0:00:57]} Qa1+ {[%emt 0:00:03]} 38. Kh2 {[%emt 0:00:14]} Qc1 {[%emt 0:00:44]} 39. Qg5 {[%emt 0:00:37]} Qc7 {[%emt 0:00:33]} 40. Qxe7+ {[%emt 0:00:37]} Qxe7 {[%emt 0:00:08]} 41. Rf7+ {[%emt 0:30:04]} Qxf7 {[%emt 0:30:25]} 42. Nxf7 {[%emt 0:00:01]} Nd7 {[%emt 0:00:00]} 43. a5 {[%emt 0:00:00]} 1-0

[Event "SVK Extraliga 2019-20"]
[Site "Slovakia"]
[Date "2020.01.18"]
[Round "5.5"]
[White "Bochnickova, Simona"]
[Black "Csonka, Attila Istvan"]
[Result "0-1"]
[WhiteElo "1557"]
[BlackElo "2350"]
[Annotator "TA"]
[PlyCount "92"]
[EventDate "2019.10.19"]
[EventType "team-tourn"]
[EventCountry "SVK"]
[SourceTitle "playchess.com"]
[Source "ChessBase"]
[SourceQuality "1"]
[WhiteTeam "Bratislava"]
[BlackTeam "Streda"]

{[%evp 13,120,18,44,-14,-16,-25,-21,-30,-16,-14,-6,-20,-13,-20,-6,-19,-17,-21,-9,-9,0,0,0,0,0,14,26,27,60,0,0,-27,-35,-33,-32,-35,-26,-31,-13,-30,0,-31,42,50,123,119,61,35,0,0,147,89,89,89,89,89,131,120,104,0,0,0,0,-5,0,0,0,0,31,-12,-12,-427,-412,-615,-610,-607,-599,-579,-579,-782,-763,-745,-747,-1631,-1543,-12828,-12824,-12798,-10078,-6291,-6291,-5581,-737,-5273,-2843,-2337,-1548,-1161,-1015,-1010,-954,-966,-969,-974,-970,-903,-750,-722,-722]} 1. e4 c5 2. Nf3 e6 3. d4 cxd4 4. Nxd4 Nc6 5. Nc3 Qc7 6. Be3 a6 7. a3 Nf6 {7...b5 is more advanced technology.} 8. Bc4 {B48: Sicilian: Taimanov: 5 Nc3 Qc7 6 Be3 a6 without Be2.} (8. f4 $14) 8... b5 $11 9. Bb3 Bb7 10. O-O {The position is equal.} Ne5 11. f3 {[#]} Bc5 $146 ({Predecessor:} 11... Be7 12. Re1 O-O 13. Bf2 Ng6 14. Nce2 d5 15. exd5 Nxd5 16. c3 Rad8 17. Qc2 Bd6 {0-1 (39) Radojkovic,S (1616)-Stojanovic,J (2058) Serbia 2012}) 12. Qe2 O-O 13. Rad1 Ng6 14. Rd2 Rac8 15. Rfd1 Qb8 16. Qf2 Bxa3 17. bxa3 {Black must now prevent Nde2.} Rxc3 18. Ne2 Rcc8 19. Bc5 Rfd8 20. Bd6 Qa8 21. Qe3 (21. h4 $1 $14) 21... Ne8 22. Bb4 a5 23. Bc3 Bc6 24. Ng3 a4 25. Ba2 d6 26. Bb4 Qb8 27. Nh5 e5 ({Better is} 27... Rd7 $15) 28. Ng3 $14 {[%mdl 1024] White has compensation.} Rd7 (28... Ne7 $14) 29. Nf5 $16 Rcd8 30. Ba5 {c4 is the strong threat.} Rc8 31. Bb4 {[%cal Rf5d6]} Qc7 (31... Rcd8 $1 $11 {keeps the balance.}) 32. Nxd6 ({White should try} 32. Bxd6 Nxd6 33. Nxd6 (33. Rxd6 Ra8 $16)) 32... Nxd6 33. Bxd6 Qd8 34. Bb4 Nf4 35. Rxd7 Bxd7 {[#]} 36. Qd2 (36. Qa7 $1 $16 Rc7 37. Qb6) 36... Qb6+ $11 37. Kf1 Be6 38. Ba5 $132 {[%mdl 2048] White puts up resistance} Qb8 39. Bxe6 Nxe6 40. c3 h6 41. Qd6 Qa7 42. Qb4 $2 {[%mdl 8192]} (42. Qd7 $1 $11 Qc5 43. Bb4 Qc4+ 44. Qd3) 42... Ra8 $19 43. Bd8 (43. Qxb5 $142 Qxa5 44. Qxa5 Rxa5 45. c4) 43... Rxd8 {Black is clearly winning.} 44. Rxd8+ Nxd8 45. Qxb5 {intending Qe8+.} Ne6 46. Qxe5 Qb6 {Played: Qa7-e3} 0-1

[Event "SVK Extraliga 2019-20"]
[Site "Slovakia"]
[Date "2020.01.18"]
[Round "5.6"]
[White "Druska, Juraj"]
[Black "Vojtek, Vladimir"]
[Result "1/2-1/2"]
[WhiteElo "2501"]
[BlackElo "2263"]
[Annotator "ChessBase"]
[PlyCount "90"]
[EventDate "2019.10.19"]
[EventType "team-tourn"]
[EventCountry "SVK"]
[SourceTitle "playchess.com"]
[Source "ChessBase"]
[SourceQuality "1"]
[WhiteTeam "Zilina"]
[BlackTeam "Dubnica"]
[TimeControl "40/5400+30:1800+30"]

1. e4 {[%emt 0:00:30]} c5 {[%emt 0:00:00]} 2. Nf3 {[%emt 0:00:18]} d6 {[%emt 0:00:00]} 3. d4 {[%emt 0:00:08]} cxd4 {[%emt 0:00:00]} 4. Qxd4 {[%emt 0:00:05]} Nc6 {[%emt 0:00:01]} 5. Bb5 {[%emt 0:00:07]} Bd7 {[%emt 0:00:05]} 6. Qd3 {[%emt 0:00:06]} Nf6 {[%emt 0:04:18]} 7. c4 {[%emt 0:00:19]} g6 {[%emt 0:03:19]} 8. Nc3 {[%emt 0:00:19]} Bg7 {[%emt 0:00:08]} 9. O-O {[%emt 0:00:07]} O-O {[%emt 0:00:04]} 10. h3 {[%emt 0:00:05]} Rc8 {[%emt 0:06:47]} 11. Be3 {[%emt 0:00:48]} a6 {[%emt 0:01:45]} 12. Bxc6 {[%emt 0:00:11]} Bxc6 {[%emt 0:00:55]} 13. Nd4 {[%emt 0:00:10]} Nd7 {[%emt 0:00:48]} 14. Rac1 {[%emt 0:00:09]} Nc5 {[%emt 0:06:21]} 15. Qb1 {[%emt 0:00:11]} Bd7 {[%emt 0:05:50]} 16. Rfd1 {[%emt 0:03:27]} Qe8 {[%emt 0:06:28]} 17. Nd5 {[%emt 0:27:24]} Ne6 {[%emt 0:04:52]} 18. Nxe6 {[%emt 0:15:30]} Bxe6 {[%emt 0:00:54]} 19. b4 {[%emt 0:00:27]} f5 {[%emt 0:05:00]} 20. Bd4 {[%emt 0:22:49]} Bxd4 {[%emt 0:08:11]} 21. Rxd4 {[%emt 0:00:05]} Qf7 {[%emt 0:00:52]} 22. exf5 {[%emt 0:00:53]} Bxd5 {[%emt 0:02:55]} 23. Rxd5 {[%emt 0:02:35]} Rxc4 {[%emt 0:02:45]} 24. Rxc4 {[%emt 0:01:50]} Qxd5 {[%emt 0:00:06]} 25. Rc7 {[%emt 0:00:34]} Qxf5 {[%emt 0:10:35]} 26. Qxf5 {[%emt 0:12:34]} Rxf5 {[%emt 0:00:28]} 27. Rxe7 {[%emt 0:00:07]} Rb5 {[%emt 0:01:20]} 28. a3 {[%emt 0:00:45]} a5 {[%emt 0:02:19]} 29. bxa5 {[%emt 0:01:59]} Rxa5 {[%emt 0:00:10]} 30. Rxb7 {[%emt 0:00:06]} Rxa3 {[%emt 0:00:03]} 31. Rd7 {[%emt 0:00:06]} Rd3 {[%emt 0:02:50]} 32. Kf1 {[%emt 0:00:29]} Rd5 {[%emt 0:10:54]} 33. Ke2 {[%emt 0:00:48]} Re5+ {[%emt 0:02:54]} 34. Kd3 {[%emt 0:01:54]} Rd5+ {[%emt 0:01:01]} 35. Ke2 {[%emt 0:04:13]} Re5+ {[%emt 0:00:21]} 36. Kf1 {[%emt 0:00:05]} Rd5 {[%emt 0:00:05]} 37. g3 {[%emt 0:00:21]} g5 {[%emt 0:05:12]} 38. Ke2 {[%emt 0:02:15]} Re5+ {[%emt 0:05:23]} 39. Kf3 {[%emt 0:00:13]} Rf5+ {[%emt 0:00:12]} 40. Kg4 {[%emt 0:01:48]} Rxf2 {[%emt 0:00:22]} 41. Rxd6 {[%emt 0:03:25]} Rg2 {[%emt 0:10:34]} 42. Rd3 {[%emt 0:03:10]} Rh2 {[%emt 0:02:53]} 43. Rd5 {[%emt 0:04:01]} h6 {[%emt 0:01:58]} 44. Rd7 {[%emt 0:00:10]} Rh1 {[%emt 0:01:22]} 45. Ra7 {[%emt 0:00:07]} Rh2 {[%emt 0:00:53]} 1/2-1/2

[Event "SVK Extraliga 2019-20"]
[Site "Slovakia"]
[Date "2020.01.18"]
[Round "5.6"]
[White "Vymazal, Bronislav"]
[Black "Kostolansky, Sebastian Lukas"]
[Result "1-0"]
[WhiteElo "2378"]
[BlackElo "2408"]
[Annotator "ChessBase"]
[PlyCount "85"]
[EventDate "2019.10.19"]
[EventType "team-tourn"]
[EventCountry "SVK"]
[SourceTitle "playchess.com"]
[Source "ChessBase"]
[SourceQuality "1"]
[WhiteTeam "Podhajska"]
[BlackTeam "Slovan"]
[TimeControl "40/5400+30:1800+30"]

1. e4 {[%emt 0:00:00]} g6 {[%emt 0:00:23]} 2. d4 {[%emt 0:00:00]} Bg7 {[%emt 0:00:06]} 3. Nc3 {[%emt 0:00:00]} d6 {[%emt 0:00:50]} 4. Be3 {[%emt 0:00:23]} Nf6 {[%emt 0:01:42]} 5. Qd2 {[%emt 0:00:30]} O-O {[%emt 0:00:43]} 6. f3 {[%emt 0:08:20]} c6 {[%emt 0:01:56]} 7. g4 {[%emt 0:08:38]} h5 {[%emt 0:08:15]} 8. h3 {[%emt 0:05:46]} b5 {[%emt 0:07:47]} 9. Nge2 {[%emt 0:06:00]} Nbd7 {[%emt 0:10:10]} 10. Bg5 {[%emt 0:13:34]} b4 {[%emt 0:12:09]} 11. Nd1 {[%emt 0:01:27]} c5 {[%emt 0:06:50]} 12. Ne3 {[%emt 0:05:12]} Bb7 {[%emt 0:30:08]} 13. Bg2 {[%emt 0:11:51]} cxd4 {[%emt 0:04:07]} 14. Nxd4 {[%emt 0:01:00]} Nh7 {[%emt 0:01:46]} 15. h4 {[%emt 0:07:42]} Nxg5 {[%emt 0:07:23]} 16. hxg5 {[%emt 0:00:10]} h4 {[%emt 0:01:00]} 17. Nd5 {[%emt 0:18:40]} e6 {[%emt 0:01:17]} 18. Nxb4 {[%emt 0:00:14]} Qb6 {[%emt 0:01:19]} 19. c3 {[%emt 0:00:21]} Ne5 {[%emt 0:01:01]} 20. O-O-O {[%emt 0:03:31]} a5 {[%emt 0:00:36]} 21. Nd3 {[%emt 0:00:07]} Nxd3+ {[%emt 0:00:30]} 22. Qxd3 {[%emt 0:00:06]} Ba6 {[%emt 0:00:31]} 23. Qd2 {[%emt 0:00:13]} Rab8 {[%emt 0:00:17]} 24. Bf1 {[%emt 0:02:39]} Rfc8 {[%emt 0:00:09]} 25. Kb1 {[%emt 0:01:53]} Bb7 {[%emt 0:00:39]} 26. Rh2 {[%emt 0:02:29]} d5 {[%emt 0:00:21]} 27. exd5 {[%emt 0:00:44]} Bxd5 {[%emt 0:00:06]} 28. f4 {[%emt 0:00:47]} Qc5 {[%emt 0:01:22]} 29. Ka1 {[%emt 0:00:32]} a4 {[%emt 0:00:26]} 30. Rh3 {[%emt 0:01:07]} a3 {[%emt 0:00:31]} 31. b3 {[%emt 0:00:07]} e5 {[%emt 0:00:35]} 32. Ne2 {[%emt 0:01:12]} Be6 {[%emt 0:00:32]} 33. f5 {[%emt 0:00:19]} gxf5 {[%emt 0:00:09]} 34. gxf5 {[%emt 0:00:05]} Bxf5 {[%emt 0:00:07]} 35. Rxh4 {[%emt 0:00:09]} Qf2 {[%emt 0:01:10]} 36. Qe1 {[%emt 0:00:51]} Rd8 {[%emt 0:00:34]} 37. Rc1 {[%emt 0:00:40]} Qe3 {[%emt 0:00:31]} 38. Ng3 {[%emt 0:00:31]} Qxe1 {[%emt 0:00:29]} 39. Rxe1 {[%emt 0:00:04]} e4 40. Rc1 Bxc3+ 41. Kb1 Bg6 42. Rxc3 Bf5 43. Rc1 1-0

[Event "SVK Extraliga 2019-20"]
[Site "Slovakia"]
[Date "2020.01.18"]
[Round "5.6"]
[White "Meszaros, Michal"]
[Black "Havalda, Samuel"]
[Result "1-0"]
[WhiteElo "2368"]
[BlackElo "1533"]
[Annotator "ChessBase"]
[PlyCount "93"]
[EventDate "2019.10.19"]
[EventType "team-tourn"]
[EventCountry "SVK"]
[SourceTitle "playchess.com"]
[Source "ChessBase"]
[SourceQuality "1"]
[WhiteTeam "Streda"]
[BlackTeam "Bratislava"]
[TimeControl "40/5400+30:1800+30"]

1. e4 {[%emt 0:00:00]} e5 {[%emt 0:00:00]} 2. Nf3 {[%emt 0:00:07]} Nc6 {[%emt 0:00:02]} 3. Bb5 {[%emt 0:00:19]} a6 {[%emt 0:00:08]} 4. Ba4 {[%emt 0:00:07]} Nf6 {[%emt 0:00:28]} 5. O-O {[%emt 0:00:12]} d6 {[%emt 0:00:22]} 6. d3 {[%emt 0:04:34]} b5 {[%emt 0:00:14]} 7. Bb3 {[%emt 0:00:01]} Be7 {[%emt 0:00:08]} 8. a4 {[%emt 0:01:49]} Na5 {[%emt 0:02:52]} 9. Ba2 {[%emt 0:01:24]} O-O {[%emt 0:01:54]} 10. axb5 {[%emt 0:01:47]} axb5 {[%emt 0:00:22]} 11. b4 {[%emt 0:00:08]} Nc6 {[%emt 0:01:17]} 12. Bxf7+ {[%emt 0:00:10]} Rxf7 {[%emt 0:00:56]} 13. Rxa8 {[%emt 0:00:09]} Nxb4 {[%emt 0:01:02]} 14. Ng5 {[%emt 0:00:20]} Rf8 {[%emt 0:02:56]} 15. Ne6 {[%emt 0:00:08]} Qd7 {[%emt 0:04:01]} 16. Nxf8 {[%emt 0:00:11]} Bxf8 {[%emt 0:00:08]} 17. c3 {[%emt 0:07:12]} Nc6 {[%emt 0:01:58]} 18. Qb3+ {[%emt 0:00:39]} Qe6 {[%emt 0:01:36]} 19. Qxb5 {[%emt 0:01:55]} Bd7 {[%emt 0:01:01]} 20. Qb7 {[%emt 0:01:20]} Ne8 {[%emt 0:02:54]} 21. f4 {[%emt 0:04:12]} d5 {[%emt 0:01:59]} 22. Qb3 {[%emt 0:06:44]} Bc5+ {[%emt 0:05:26]} 23. Kh1 {[%emt 0:00:29]} exf4 {[%emt 0:02:51]} 24. exd5 {[%emt 0:02:33]} Qe2 {[%emt 0:00:41]} 25. dxc6+ {[%emt 0:00:43]} Kh8 {[%emt 0:01:05]} 26. Qd1 {[%emt 0:00:22]} Qxd1 {[%emt 0:01:24]} 27. Rxd1 {[%emt 0:00:11]} Bxc6 {[%emt 0:00:06]} 28. Rxe8+ {[%emt 0:00:27]} Bxe8 {[%emt 0:00:08]} 29. Bxf4 {[%emt 0:00:08]} Bh5 {[%emt 0:00:17]} 30. Re1 {[%emt 0:00:27]} Bf2 {[%emt 0:00:38]} 31. Rf1 {[%emt 0:00:29]} Bc5 {[%emt 0:00:57]} 32. d4 {[%emt 0:00:17]} Bf8 {[%emt 0:00:19]} 33. Bxc7 {[%emt 0:00:07]} Kg8 {[%emt 0:00:57]} 34. Nd2 {[%emt 0:00:18]} Be2 {[%emt 0:00:41]} 35. Rf2 {[%emt 0:00:20]} Bd3 {[%emt 0:01:46]} 36. Nf3 {[%emt 0:00:17]} Bc4 {[%emt 0:02:36]} 37. Ne5 {[%emt 0:00:02]} Be6 {[%emt 0:00:11]} 38. c4 {[%emt 0:00:08]} h6 {[%emt 0:01:08]} 39. d5 {[%emt 0:00:03]} Bxd5 {[%emt 0:01:01]} 40. cxd5 {[%emt 0:00:01]} Be7 {[%emt 0:00:24]} 41. d6 {[%emt 0:30:02]} Bg5 {[%emt 0:31:20]} 42. d7 {[%emt 0:00:03]} Bh4 {[%emt 0:00:30]} 43. g3 {[%emt 0:00:02]} Bg5 {[%emt 0:00:10]} 44. h4 {[%emt 0:00:11]} Be7 {[%emt 0:00:08]} 45. Rf7 {[%emt 0:00:05]} Bf6 {[%emt 0:00:29]} 46. Rxf6 {[%emt 0:00:01]} gxf6 {[%emt 0:00:30]} 47. d8=Q+ {[%emt 0:00:01]} 1-0

[Event "SVK Extraliga 2019-20"]
[Site "Slovakia"]
[Date "2020.01.18"]
[Round "5.6"]
[White "Krak, Tomas"]
[Black "Motycakova, Monika"]
[Result "0-1"]
[WhiteElo "2349"]
[BlackElo "2102"]
[Annotator "TA"]
[PlyCount "104"]
[EventDate "2019.10.19"]
[EventType "team-tourn"]
[EventCountry "SVK"]
[SourceTitle "playchess.com"]
[Source "ChessBase"]
[SourceQuality "1"]
[WhiteTeam "Snina"]
[BlackTeam "Liptovska"]

{[%evp 21,104,-7,60,54,58,61,63,0,61,55,57,54,64,15,31,32,21,20,20,22,34,37,104,91,87,69,95,0,0,0,0,0,0,0,0,0,0,-12,-18,-16,0,0,0,0,0,0,0,0,21,17,14,11,9,-112,-112,-164,-160,-143,-155,-164,-152,-175,0,0,0,-170,0,-209,-213,-399,-395,-372,-685,-691,-657,-1002,-981,-5098,-4931,-29975,-29974,-29974,-29975,-6135,-6099]} 1. d4 d5 2. c4 c6 3. Nf3 Nf6 4. Nc3 e6 5. e3 Nbd7 6. Qc2 Bd6 7. Be2 O-O 8. O-O dxc4 9. Bxc4 e5 10. Rd1 Qe7 11. h3 h6 (11... e4 $11 12. Ng5 Nb6) 12. Nh4 $14 {Threatens to win with Nf5. D46: Semi-Slav: 5 e3 Nbd7 6 Bd3, Black avoids the Meran} Nb6 13. Ng6 {[%mdl 64] Double Attack} Qc7 14. Bb3 ({Reject} 14. Nxf8 Nxc4 15. dxe5 Nxe5 $15) (14. dxe5 $14 Bxe5 15. Bb3 (15. Nxf8 Nxc4 16. Ne4 Nxe4 $11)) 14... Re8 (14... exd4 $1 $11 15. Nxf8 dxc3) 15. dxe5 Bxe5 16. Nxe5 Qxe5 {[#]} 17. f4 $146 (17. e4 $5) ({Predecessor:} 17. e4 Be6 18. Be3 Rad8 19. f3 Bxb3 20. Qxb3 {½-½ (35) Navara,D (2672)-Sveshnikov,E (2506) Dagomys 2008}) 17... Qh5 18. e4 Be6 $1 19. e5 Bxb3 20. Qxb3 Nfd5 $1 21. Ne4 Re6 (21... Qe2 $14 22. Nd6 Re7) 22. Ng3 $16 Qh4 23. Qf3 (23. Nf5 {is interesting.} Qd8 24. Qg3 Qf8 25. a4 a5 26. Nd4) 23... Qe7 24. Be3 (24. Nf5 $16 Qb4 25. b3) 24... Nxe3 $11 25. Qxe3 Nd5 26. Qf2 f6 27. Nf5 Qf8 28. Nd4 Re7 29. e6 f5 30. Re1 Kh7 31. Re5 g6 32. Rf1 Nf6 33. Qh4 Rd8 34. Nf3 Rd6 35. g4 $1 {[%cal Rg4f5]} Ne4 36. gxf5 gxf5 37. Rxf5 (37. Ng5+ $11 Nxg5 38. fxg5 Rdxe6 39. Rfxf5 (39. Rexf5 Qg8 $11)) 37... Qg7+ $17 {[%mdl 64] Double Attack} 38. Ng5+ (38. Kh2 $17 Qxb2+ 39. Kh1 Rdxe6 40. Ng5+ Nxg5 41. fxg5) 38... Kg8 $19 {Strongly threatening ...Rd3.} 39. Kh1 hxg5 40. fxg5 {Intending Rf8+! and mate.} Rdxe6 41. Qf4 {Black should prevent Rf8+.} Kh7 $2 ({Black should try} 41... Re8 $19 {aiming for ...Qg6.} 42. h4 Nd6) 42. Qh4+ $11 Kg8 $2 (42... Kg6 $11 43. Rf6+ Nxf6 44. gxf6 {[#]} Qxf6 $1 {[%mdl 512]} 45. Rxf6+ Rxf6) 43. Qf4 $1 $19 {Threatening Rf8+.} Kh7 $2 (43... Re8 $19 44. h4 Nd6) 44. Qg4 $2 (44. Qh4+ $11 {and White is okay.} Kg8) 44... Re5 {Hoping for ...Rxf5.} 45. Qh4+ $2 (45. g6+ {was called for.} Qxg6 46. Qh4+ Qh6 47. Rf7+ Rxf7 48. Rxf7+ Kg6 49. Qxh6+ Kxh6 50. Rxb7) 45... Kg8 {White must now prevent ...Rxf5.} 46. Rf8+ $2 (46. R5f4) 46... Qxf8 47. Rxf8+ Kxf8 48. Qh6+ Kg8 49. g6 {[#]} Rh5 $1 {[%mdl 512]} 50. Qf4 (50. Qxh5 Ng3+) 50... Rxh3+ 51. Kg2 Rg3+ {[%mdl 64] Double Attack} 52. Kh2 Rxg6 {Accuracy: White = 58%, Black = 62%.} 0-1